[Event "26. Universiade Men"]
[Site "Shenzhen CHN"]
[Date "2011.08.19"]
[Round "7"]
[White "Ni Hua"]
[Black "Adly, Ahmed"]
[Result "1-0"]
[WhiteElo "2662"]
[BlackElo "2631"]
[PlyCount "29"]
[EventDate "2011.08.15"]
[EventType "swiss"]
[EventRounds "9"]
[EventCountry "CHN"]
[Source "Mark Crowther"]
[SourceDate "2011.01.03"]
[WhiteTeam "CHN"]
[BlackTeam "EGY"]

{E03: Katalanisch} 1. c4 Nf6 2. Nf3 e6 3. g3 d5 4. Bg2 dxc4 5. Qa4+ Nbd7 6.
Qxc4 a6 7. Qc2 c5 8. d4 Be7 9. O-O O-O 10. Rd1 Qb6 $146 (10... Ra7 11. e4 b6
12. Nc3 Bb7 13. d5 exd5 14. e5 Ne8 15. Nxd5 Bxd5 16. Rxd5 Nc7 17. Rd3 Ne6 18.
b3 Qb8 19. Bb2 Rd8 20. Rad1 b5 21. h4 h6 22. Bh3 Ndf8 23. Rxd8 Bxd8 24. Qe4 a5
25. Bf1 {Lautier,J (2645)-Pinter,J (2580)/France 1993/1/2-1/2}) 11. Nc3 cxd4
12. Rxd4 Qc7 13. Be3 Nd5 14. Ng5 N7f6 $4 (14... Bxg5 $142 15. Bxg5 Nxc3 16.
Qxc3 Qxc3 17. bxc3 h6 $16) 15. Nxd5 $3 $18 (15. Nxd5 Qxc2 (15... exd5 16. Qxc7
$18) (15... Nxd5 16. Qxh7#) 16. Nxe7+ Kh8 17. Nxf7+ Rxf7 18. Rd8+ Rf8 19. Rxf8+
Ng8 20. Rxg8#) 1-0

[Event "64. ch-RUS"]
[Site "Moscow RUS"]
[Date "2011.08.15"]
[Round "7"]
[White "Morozevich, Alexander"]
[Black "Svidler, Peter"]
[Result "1-0"]
[WhiteElo "2694"]
[BlackElo "2739"]
[PlyCount "61"]
[EventDate "2011.08.08"]
[EventType "tourn"]
[EventRounds "7"]
[EventCountry "RUS"]
[EventCategory "19"]
[Source "Mark Crowther"]
[SourceDate "2011.01.03"]

{D97: Grünfeldindisch (Russisches System, Ragosin-Variante)} 1. d4 Nf6 2. c4 g6
3. Nc3 d5 4. Nf3 Bg7 5. Qb3 dxc4 6. Qxc4 O-O 7. e4 a6 8. e5 b5 9. Qb3 Nfd7 10.
Be2 c5 11. e6 fxe6 12. Qxe6+ Kh8 13. dxc5 $146 (13. Qe4 cxd4 14. Nxd4 Nc5 15.
Qxa8 Bxd4 16. Bf4 Rxf4 17. O-O-O Bb7 18. Qa7 Nc6 19. Qxc5 Bxc5 20. Rxd8+ Nxd8 {
Bekker Jensen,S (2305)-Sokolov,I (2635)/Koge 1997/0-1}) 13... Ne5 14. Qd5 Qxd5
15. Nxd5 Bb7 16. Nc7 Nxf3+ 17. gxf3 Bxf3 18. Bxf3 Ra7 19. Nxb5 $1 axb5 (19...
axb5 20. Be2) (19... -- $140 20. Nxa7) 20. Ke2 Ra6 21. Bb7 Re6+ 22. Be3 Bxb2
23. Rab1 Bd4 24. Rxb5 Na6 25. c6 Nc7 26. Rb3 Rf4 (26... Bxe3 27. Rxe3 (27. fxe3
$6 Ref6 $18) 27... Ref6 28. f3 $18 (28. Rxe7 $6 Rxf2+ 29. Kd3 Nd5 $16)) 27. Rd1
Kg7 28. a4 (28. Rxd4 $6 Rxd4 29. Rd3 Rc4 $16) 28... Bc5 (28... Kf6 29. a5 Re5
$18) 29. Rd7 Bd6 30. Rd3 Ne8 31. a5 (31. a5 Ra4 32. a6 $18) 1-0

[Event "Baku Open A"]
[Site "Baku AZE"]
[Date "2011.08.09"]
[Round "4"]
[White "Andreikin, Dmitry"]
[Black "Dominguez Perez, Leinier"]
[Result "1-0"]
[WhiteElo "2696"]
[BlackElo "2719"]
[PlyCount "57"]
[EventDate "2011.08.06"]
[EventType "swiss"]
[EventRounds "9"]
[EventCountry "AZE"]
[Source "Mark Crowther"]
[SourceDate "2011.01.03"]

{B23: Sizilianisch (Geschlossenes System)} 1. e4 c5 2. Nc3 d6 3. f4 Nc6 4. Nf3
g6 5. Bb5 Bd7 6. O-O Bg7 7. d3 a6 8. Bxc6 Bxc6 9. Qe1 Qd7 10. Kh1 $146 (10. a4
b6 11. h3 (11. b3 Nf6 12. h3 Nh5 13. Bd2 f5 14. exf5 gxf5 15. Qh4 Nf6 16. Rae1
O-O-O 17. a5 b5 18. b4 cxb4 19. Na2 Nd5 20. Nxb4 Bf6 21. Qf2 Nxb4 22. Bxb4 Rhg8
23. Re2 Rg6 24. Qe1 Rdg8 25. Kh2 e5 {Ljubojevic,L (2590)-Kasparov,G (2800)/
Linares 1991/0-1}) 11... Nf6 12. Bd2 h5 13. e5 Nh7 14. exd6 Qxd6 15. Ne5 Bxe5
16. fxe5 Qd4+ 17. Qf2 Qxf2+ 18. Rxf2 Nf8 19. Raf1 Rh7 20. a5 b5 21. b4 cxb4 22.
Na2 b3 23. Nb4 Bb7 24. cxb3 Ne6 {Ljubojevic,L (2600)-Portisch,L (2570)/
Reykjavik 1991/1-0}) (10. Bd2 e6 11. f5 O-O-O 12. fxe6 fxe6 13. Kh1 Ne7 14. Ng5
Rdf8 15. Rxf8+ Bxf8 16. Qf2 Bg7 17. Qf7 Bh6 18. Rd1 e5 19. Nxh7 Bxd2 20. Rxd2
Ng8 21. Qf8+ Qd8 22. Qxd8+ Kxd8 23. Ng5 Ke7 24. g3 Nf6 {Rublevsky,S (2697)
-Areshchenko,A (2664)/Khanty Mansiysk 2009/1-0}) (10. Be3 f5 11. Rd1 Nh6 12. h3
O-O 13. Ng5 Nf7 14. Nxf7 Rxf7 15. d4 Bxe4 16. Nxe4 fxe4 17. dxc5 d5 18. Bd4
Bxd4+ 19. Rxd4 Qc6 20. b4 a5 21. a3 axb4 22. axb4 e6 23. c4 Ra2 24. cxd5 exd5 {
Slovineanu,V (2406)-Motylev,A (2627)/Panormo 2001/1/2-1/2}) (10. Bd2 Nh6 $11)
10... b5 11. f5 b4 12. Ne2 (12. Nd1 gxf5 13. exf5 Qxf5 $11) 12... gxf5 13. Ng3
(13. Qg3 $5 Kf8 14. e5 $11) 13... fxe4 $17 14. dxe4 O-O-O (14... h5 $5 15. a3
a5 $17) 15. a3 $11 b3 (15... Qb7 16. axb4 cxb4 17. Bd2 $14) 16. cxb3 Nf6 17. b4
h5 (17... Qb7 $142 $5 18. bxc5 Nxe4 19. cxd6 exd6 $14) 18. Bg5 $16 h4 19. Bxh4
Qg4 20. bxc5 Rxh4 (20... dxc5 $5 21. Qf2 Nxe4 (21... Rxh4 $2 22. Qxc5 Kb7 23.
Rac1 Rxh2+ 24. Nxh2 $18) 22. Nxe4 Bd4 23. Nxd4 Rxd4 $16) 21. cxd6 $18 Rhh8 $2 (
21... Rxd6 $142 22. Nxh4 Qxh4 $18) 22. dxe7 Rd7 (22... Rd6 23. Rc1 Re6 $18) 23.
Rc1 Rc7 24. Nf5 Ne8 (24... Nxe4 $4 25. Nxg7 f6 26. Nh4 $18) 25. Qa5 Qxe4 26.
Qxa6+ (26. Nxg7 $142 Kb7 27. Rfe1 $18) 26... Kb8 (26... Bb7 27. Qa5 Kb8 28.
Nxg7 Qxe7 $18) 27. Rfd1 Bd7 28. Rxc7 (28. Nd6 $142 Rxh2+ 29. Nxh2 $18) 28...
Nxc7 29. Qb6+ (29. Qb6+ Qb7 30. Qxb7+ Kxb7 31. Nxg7 $18) 1-0

[Event "98. ch-GBR Playoff"]
[Site "Sheffield ENG"]
[Date "2011.08.06"]
[Round "2"]
[White "Adams, Michael"]
[Black "Short, Nigel"]
[Result "1-0"]
[WhiteElo "2715"]
[BlackElo "2687"]
[PlyCount "67"]
[EventDate "2011.08.06"]
[EventType "match"]
[EventRounds "2"]
[EventCountry "ENG"]
[Source "Mark Crowther"]
[SourceDate "2011.01.03"]

{B16: Caro-Kann (Nimzowitsch-Variante)} 1. e4 c6 2. d4 d5 3. Nd2 dxe4 4. Nxe4
Nf6 5. Nxf6+ gxf6 6. Nf3 Bg4 7. Be2 e6 8. O-O Nd7 $146 (8... Bd6 9. c4 Nd7 10.
h3 h5 11. Re1 Qc7 12. c5 Be7 13. Qa4 b5 14. Qb3 a5 15. a4 b4 16. Nd2 Bxe2 17.
Rxe2 Nf8 18. Qf3 Rd8 19. Ne4 f5 20. Qxf5 Rxd4 21. Bf4 Qd8 22. Nd6+ Rxd6 23.
cxd6 {Haba,P (2520)-Nisipeanu,L (2687)/Germany 2004/0-1}) 9. c4 Qc7 10. Nh4 h5
11. h3 Bxe2 12. Qxe2 O-O-O 13. Rd1 Bd6 14. d5 Rde8 (14... Kb8 $5 $14) 15. Be3
$16 Bc5 16. Bxc5 Nxc5 17. b4 Nd7 18. dxc6 Qxc6 19. c5 f5 (19... Rd8 20. Nf3 $18
) 20. Rd4 (20. Qb2 $5 Rd8 21. Rac1 Qc7 $18) 20... Qc7 21. Rc1 Kb8 22. Nf3 Rd8
23. c6 Nf6 (23... bxc6 24. Rdc4 Nb6 25. Rxc6 $18) 24. b5 (24. Rdc4 $5 b6 $18)
24... Rxd4 25. Nxd4 b6 $2 (25... Ne4 $142 $18) 26. Qb2 Rh6 (26... Rf8 27. Nxf5
$1 Nd5 28. Rd1 $18) 27. Nf3 Rg6 28. Ne5 Rg8 29. Rd1 Nd5 30. Nd7+ Ka8 31. Nf6
Nxf6 (31... Rd8 32. Nxd5 exd5 $18) 32. Qxf6 a6 33. Rd7 Qf4 34. Rd8+ (34. Rd8+
Qb8 35. c7 Qc8 36. Rxg8 Kb7 37. Rxc8 axb5 38. Rb8+ Kxc7 39. Qd8+ Kc6 40. Rc8+
Kb7 41. Qd7+ Ka6 42. Ra8#) 1-0

[Event "Biel MTO Open"]
[Site "Biel SUI"]
[Date "2011.07.28"]
[Round "10"]
[White "Ni Hua"]
[Black "Rodshtein, Maxim"]
[Result "1-0"]
[WhiteElo "2662"]
[BlackElo "2637"]
[PlyCount "87"]
[EventDate "2011.07.18"]
[EventType "swiss"]
[EventRounds "11"]
[EventCountry "SUI"]
[Source "Mark Crowther"]
[SourceDate "2011.01.03"]

{A16: Englische Eröffnung} 1. Nf3 Nf6 2. c4 g6 3. Nc3 d5 4. cxd5 Nxd5 5. Qa4+
Nc6 6. Ne5 Qd6 7. Nxc6 Qxc6 8. Qxc6+ bxc6 9. b3 Bg7 10. Bb2 Nxc3 11. Bxc3 Bxc3
12. dxc3 Be6 13. e4 $146 (13. O-O-O a5 14. g3 a4 15. Bg2 Ra6 16. c4 O-O 17. Kb2
Rb8 18. Kc3 axb3 19. axb3 Ra2 20. Rhe1 Bf5 21. Bxc6 Bc2 22. Rd7 Rxb3+ 23. Kd4
Bf5 24. Rxe7 Be6 25. Be4 Rd2+ 26. Kc5 c6 27. Bd3 Ra2 {Ni Hua (2633)-Laylo,D 
(2527)/Guangzhou CHN 2010/1-0}) 13... a5 14. Kd2 O-O-O+ 15. Ke3 Rd6 16. Ba6+
Kb8 17. Be2 f6 18. Rad1 Kb7 19. f4 Kb6 20. g4 Ra8 21. f5 Bf7 22. h4 a4 23. fxg6
Bxg6 (23... hxg6 $143 24. h5 axb3 25. axb3 Rxd1 26. Bxd1 $16) 24. Rd4 Rxd4 25.
cxd4 axb3 26. axb3 c5 27. dxc5+ Kxc5 28. Rc1+ Kb6 29. Rd1 Be8 30. Bc4 h6 31. e5
fxe5 (31... Bb5 $5 $14) 32. Rd5 $16 Ra1 (32... Bf7 33. Rxe5 Bxc4 34. bxc4 $18)
33. Rxe5 $18 Bd7 34. Kf4 Rg1 35. Be2 e6 36. Rh5 Rg2 $2 (36... Re1 $142 37. Kf3
Bc6+ 38. Kf2 Rh1 $18) 37. Bf3 Rf2 (37... Rg1 38. Rxh6 Kc5 $18) 38. Kg3 Rb2 (
38... Rf1 39. Rxh6 Kc5 40. g5 $18) 39. Rxh6 Rxb3 40. g5 Kc5 (40... c5 41. Rf6
c4 42. g6 $18) 41. Rf6 Kd6 (41... Be8 42. g6 Bxg6 43. Rxg6 $18) 42. g6 Ke7 (
42... Rb8 43. h5 $18) 43. Rf7+ Ke8 44. h5 (44. h5 Bc6 45. h6 $18) 1-0

[Event "39. GM"]
[Site "Dortmund GER"]
[Date "2011.07.22"]
[Round "2"]
[White "Meier, Georg"]
[Black "Kramnik, Vladimir"]
[Result "0-1"]
[WhiteElo "2656"]
[BlackElo "2781"]
[PlyCount "64"]
[EventDate "2011.07.21"]
[EventType "tourn"]
[EventRounds "10"]
[EventCountry "GER"]
[EventCategory "20"]
[Source "Mark Crowther"]
[SourceDate "2011.01.03"]

{E15: Damenindisch (Hauptfortsetzung, Abweichungen)} 1. d4 Nf6 2. c4 e6 3. Nf3
b6 4. g3 Ba6 5. b3 Bb4+ 6. Bd2 Be7 7. Bg2 O-O 8. Nc3 d5 9. cxd5 exd5 10. O-O
Re8 11. Rc1 (11. Re1 Bb7 12. Qc2 Nbd7 13. Bf4 a6 14. Rad1 Bb4 15. Ne5 h6 16.
Nd3 Be7 17. Bc1 Ne4 18. Bb2 Ndf6 19. e3 Rc8 20. a4 a5 21. Qc1 Bf8 22. Re2 c5
23. dxc5 bxc5 24. Nxe4 Nxe4 25. Nf4 Qb6 {L'Ami,E (2628)-Wang Hao (2731)/Wijk
aan Zee NED 2011/0-1}) 11... Bb7 12. Ne5 Na6 13. Bf4 h6 $146 (13... c5 14. Nb5
Ne4 15. dxc5 Bxc5 16. Nd3 Qd7 17. a4 d4 (17... Re7 18. Qe1 g5 19. Be5 d4 20. f3
Rae8 21. fxe4 Rxe5 22. Nxe5 Rxe5 23. Kh1 Bxe4 24. Bxe4 Rxe4 25. Qd2 h6 26. Rf2
Nb4 27. Rcf1 Re7 28. Rf6 Qd5+ 29. R1f3 g4 30. R6f5 gxf3 {Laznicka,V (2681)
-Sasikiran,K (2676)/New Delhi 2011/0-1}) 18. b4 Nxb4 19. Nxb4 Bxb4 20. Rc7 Qd5
21. Qxd4 Qxd4 22. Nxd4 Ba6 23. Nb5 Bc5 24. Rxc5 Nxc5 25. Bxa8 Rxa8 26. Nc7 Rd8
27. Nxa6 {Fridman,D (2661)-Miroshnichenko,E (2690)/Eforie Nord 2009/1/2-1/2})
14. Nb5 Bf8 15. Bh3 (15. a3 g5 16. Bd2 Ne4 $14) 15... c5 $14 16. a3 Ne4 17. Rc2
g6 18. Qc1 g5 19. Be3 Bg7 20. Nf3 (20. f3 $5 Nd6 21. Nxd6 Qxd6 22. f4 $14)
20... Qe7 (20... Bc6 21. Nc3 $15) 21. Rd1 (21. Nd2 Bc6 22. Nxe4 dxe4 $11 (22...
Qxe4 $2 23. Nd6 Qe7 24. Nxe8 Bxe8 25. Rd1 $18 (25. dxc5 $143 d4 26. Bd2 bxc5
$18))) 21... Rad8 (21... Bc6 $5 22. Nc3 Rad8 $15) 22. Nxa7 $14 Nd6 23. a4 Nb4
24. dxc5 bxc5 25. Rxc5 Na2 26. Qc2 Nb4 27. Qc1 Nc4 $2 (27... Na2 $142 28. Qb1
Ne4 $11) 28. bxc4 $16 d4 29. Bxg5 Qxc5 (29... hxg5 30. Rb5) (29... -- $140 30.
Bxe7) 30. Bxd8 d3 31. Ne1 $4 (31. e4 $142 Qxa7 32. Qa3 $15) 31... Rxe2 $19 (
31... Rxd8 $2 32. Nb5 Re8 33. e3 $18 (33. Nxd3 $6 Qc6 34. e4 Nxd3 35. Rxd3 Qxe4
$11)) 32. Qf4 (32. Bb6 Qxb6 33. c5 $19) 32... Rxf2 $1 (32... Rxf2 33. Qxf2 Bd4
34. Qxd4 Qxd4+ 35. Kf1 Qxc4 $19) 0-1

[Event "Biel ACCENTUS GM"]
[Site "Biel SUI"]
[Date "2011.07.19"]
[Round "2"]
[White "Carlsen, Magnus"]
[Black "Shirov, Alexei"]
[Result "1-0"]
[WhiteElo "2821"]
[BlackElo "2714"]
[PlyCount "65"]
[EventDate "2011.07.18"]
[EventType "tourn"]
[EventRounds "10"]
[EventCountry "SUI"]
[EventCategory "19"]
[Source "Mark Crowther"]
[SourceDate "2011.01.03"]

{D48: Damengambit (Meraner Variante)} 1. Nf3 d5 2. d4 Nf6 3. c4 c6 4. Nc3 e6 5.
e3 Nbd7 6. Bd3 dxc4 7. Bxc4 b5 8. Bd3 Bb7 9. O-O a6 10. e4 c5 11. d5 c4 12. Bc2
Qc7 13. Nd4 e5 (13... Nc5 14. b4 cxb3 15. axb3 b4 16. Na4 Ncxe4 17. Bxe4 Nxe4
18. dxe6 Bd6 19. exf7+ Qxf7 20. f3 Qh5 21. g3 O-O 22. fxe4 Qh3 23. Nf3 Bxg3 24.
Nc5 Rxf3 25. Rxf3 Qxh2+ 26. Kf1 Bc6 27. Bg5 Bb5+ 28. Nd3 {Kasparov,G (2775)
-Kramnik,V (2775)/Dos Hermanas 1996/0-1}) 14. Nf5 g6 15. Nh6 Nh5 16. g3 $146 (
16. Qf3 Nf4 17. Nxf7 Kxf7 18. g3 g5 19. gxf4 gxf4 20. Qh5+ Ke7 21. Qh4+ Kf7 22.
Bd1 Rg8+ 23. Kh1 Nf6 24. Bh5+ Rg6 25. Bxg6+ hxg6 26. Rg1 Be7 27. Qh6 Rg8 28. f3
b4 29. Ne2 Nxd5 30. exd5 Bxd5 {Gelfand,B (2670)-Dreev,A (2570)/Tilburg 1993/0-1
}) 16... Bc5 (16... Nf4 $142 $5 17. Ng4 h5 $16) 17. Qf3 $18 Rf8 18. Bd2 Bd4 19.
b4 cxb3 (19... f5 20. Nxf5 Qb6 21. Qd1 gxf5 22. Qxh5+ Qg6 23. Qxg6+ hxg6 24. a4
bxa4 25. Rxa4 $14) 20. Bxb3 (20. axb3 $143 b4 21. Nb5 axb5 22. Rxa8+ Bxa8 $17)
20... Qd6 21. Rac1 Ng7 22. a4 f5 (22... b4 23. Ne2 Bc5 24. g4 $18) 23. axb5 f4
(23... Nc5 24. Bc4 fxe4 25. Qe2 $18) 24. Ne2 Bb6 25. bxa6 Bxa6 26. Bc4 (26.
gxf4 exf4 27. Ba4 Bxe2 28. Bxd7+ Qxd7 29. Qxe2 Bd8 $18) 26... g5 (26... Bc5
$142 $18) 27. Bxa6 Rxa6 28. Rc8+ Bd8 29. Nf5 $1 Nxf5 (29... Nxf5 30. Qh5+ (30.
exf5)) (29... -- $140 30. Nxd6+) 30. exf5 Nf6 31. Qd3 Ra7 32. Qb5+ Qd7 (32...
Kf7 33. Bb4 Qd7 34. Qxd7+ Rxd7 (34... Nxd7 $4 35. Bxf8 Kxf8 36. Rxd8+ Ke7 37.
Rc8 $18) 35. Bxf8 Kxf8 $18) 33. Rxd8+ $1 (33. Rxd8+ Kxd8 34. Qb8+ Qc8 (34...
Ke7 35. Bb4+ Qd6 36. Bxd6+ Kd7 37. Qxa7+ Kxd6 38. Rc1 Nd7 39. Qa3+ Nc5 40.
Qxc5+ Kd7 41. Qc7+ Ke8 42. d6 Rxf5 43. Qe7#) 35. Qxa7 $18) 1-0

[Event "Lev Polugaevsky Mem"]
[Site "Samara RUS"]
[Date "2011.07.12"]
[Round "8"]
[White "Yakovich, Yuri"]
[Black "Khismatullin, Denis"]
[Result "1-0"]
[WhiteElo "2539"]
[BlackElo "2656"]
[PlyCount "59"]
[EventDate "2011.07.05"]
[EventType "swiss"]
[EventRounds "9"]
[EventCountry "RUS"]
[Source "Mark Crowther"]
[SourceDate "2011.01.03"]
[WhiteTeam "HUNGARY 2"]
[BlackTeam "SLOVENIA"]

{E20: Nimzoindisch (Seltene Züge)} 1. d4 Nf6 2. c4 e6 3. Nc3 Bb4 4. f3 c5 5. d5
b5 6. e4 O-O 7. e5 Ne8 8. f4 d6 9. Nf3 Qe7 10. dxe6 Bxe6 11. cxb5 c4 $146 (
11... dxe5 12. fxe5 Nd7 13. Be2 c4 14. Bg5 Qc5 15. Qd4 Nc7 16. a4 a6 17. b6
Nxb6 18. Be3 Qxd4 19. Bxd4 Nd7 20. O-O Rab8 21. Nd2 Nc5 22. Rad1 Bxc3 23. bxc3
Nxa4 24. Nxc4 Bxc4 25. Bxc4 Nb2 26. Bd3 {Paikidze,N (2455)-Bocharov,D (2605)/
Moscow RUS 2011/The Week in Chess 850/0-1 (32)}) 12. Be2 Nd7 13. O-O dxe5 14.
fxe5 Nc7 15. Kh1 h6 16. Bf4 (16. Nd4 Nxe5 17. Bf4 Bxc3 18. bxc3 $14 (18. Bxe5
$143 Bxd4 (18... Bxb2 $143 19. Nc6 (19. Nxe6 Bxa1 20. Bxc7 Qxe6 $17) 19... Qa3
20. Bxc7 Bxa1 21. Qxa1 $18) 19. Qxd4 Nxb5 $15)) 16... Bxc3 $14 17. bxc3 Nxb5
18. Qc1 Nc5 19. Qe3 Rac8 (19... Nd3 $5 20. Bxd3 cxd3 21. Qxd3 Qc5 $11) 20. Nd4
$14 Nxd4 21. cxd4 (21. Qxd4 $143 Rfd8 22. Qe3 Nd3 $17) 21... Nd3 $2 (21... Nd7
$142 $14) 22. Bxh6 $18 gxh6 (22... f6 23. exf6 Rxf6 24. Bxg7 Qxg7 25. Rxf6 Qxf6
26. Rf1 $18) 23. Rf6 Rfd8 $2 (23... Rfe8 24. Qg3+ (24. Rxh6 $6 Bf5 $14) 24...
Kh7 25. Bf3 $18) 24. Raf1 Bd5 (24... Qf8 25. R1f3 Kh7 26. Qe4+ Kh8 $18) 25.
Rxh6 Qf8 26. Rf5 Qg7 (26... Be4 27. Qg3+ Qg7 $18) 27. Rg5 Be4 28. Rxg7+ Kxg7
29. Qg5+ Bg6 30. Rh4 (30. Rh4 Kg8 31. Qh6 Nf2+ 32. Kg1 Nh3+ 33. gxh3 Bh7 34. e6
fxe6 35. Qxh7+ Kf8 36. Rf4+ Ke8 37. Bh5#) 1-0

[Event "39. World Open"]
[Site "Philadelphia USA"]
[Date "2011.07.02"]
[Round "4"]
[White "Van Wely, Loek"]
[Black "Kamsky, Gata"]
[Result "1-0"]
[WhiteElo "2675"]
[BlackElo "2732"]
[PlyCount "63"]
[EventDate "2011.06.30"]
[EventType "swiss"]
[EventRounds "9"]
[EventCountry "USA"]
[Source "Mark Crowther"]
[SourceDate "2011.01.03"]

{D79: Grünfeldindisch (Fianchetto 6.0-0 c6 7.cxd5 cxd5)} 1. d4 Nf6 2. c4 g6 3.
Nf3 Bg7 4. g3 c6 5. Bg2 d5 6. cxd5 cxd5 7. Nc3 O-O 8. O-O e6 9. Ne5 Nfd7 10. f4
Nb6 11. b3 f6 12. Nf3 $146 (12. Nd3 Rf7 13. a4 Nc6 14. e3 Rb8 15. g4 a5 16. Ba3
Bf8 17. Bc5 Kg7 18. Rc1 Bxc5 19. dxc5 Na8 20. Nb5 Nc7 21. Qe1 Na6 22. e4 dxe4
23. Bxe4 Rd7 24. Qc3 b6 25. Ne5 Nxe5 26. fxe5 Nxc5 {Gelfand,B (2701)-Van Wely,
L (2714)/Leon 2001/1-0}) 12... Nc6 13. Ba3 Re8 14. Rc1 f5 15. e3 Bd7 16. Rf2
Bf8 17. Bc5 Rc8 18. Bf1 a6 19. a3 Na7 20. b4 (20. Ne5 Bc6 $16) 20... Ra8 (20...
Nb5 $5 21. Nxb5 Bxb5 22. Bxb5 axb5 23. Bxb6 Qxb6 $14) 21. Ne5 Nbc8 22. a4 (22.
g4 $5 Nb5 23. Nxb5 Bxb5 24. gxf5 exf5 $18) 22... Nc6 23. Rb2 Nxe5 24. dxe5 (24.
fxe5 $143 Bh6 25. Qf3 b6 $19) 24... Bxc5 25. bxc5 Qc7 26. Qb3 Qxc5 $2 (26...
Rb8 $142 27. Bxa6 Na7 $16) 27. Ne2 $18 Qa5 $4 (27... Qa7 28. Rc7 Re7 $18) 28.
Qxb7 Ra7 29. Qb8 Qxa4 30. Rxc8 $1 Rxc8 (30... Bxc8 31. Qxa7) (30... Rxc8 31.
Qxa7) (30... -- $140 31. Rxe8+ Bxe8 (31... Kf7 32. Rf8+) (31... Kg7 32. Rg8+)
32. Qxa7) 31. Qxa7 Bb5 (31... Rf8 $18) 32. Qb6 (32. Qb6 Re8 33. Nd4 $18) 1-0

[Event "SMM Luzern - Winterthur"]
[Site "?"]
[Date "2011.06.26"]
[Round "5.2"]
[White "Istratescu, Andrei"]
[Black "Forster, Richard"]
[Result "0-1"]
[WhiteElo "2612"]
[BlackElo "2463"]
[PlyCount "80"]
[EventDate "2011.06.26"]
[Source "Mark Crowther"]
[SourceDate "2011.01.03"]

{B42: Sizilianisch (Paulsen-Variante)} 1. e4 c5 2. Nf3 e6 3. d4 cxd4 4. Nxd4 a6
5. Bd3 Bc5 6. Nb3 Be7 7. Qg4 g6 8. Qe2 d6 9. O-O Nc6 10. a4 Nf6 (10... b6 11.
Na3 Ne5 12. Nc4 Nxc4 13. Bxc4 Bb7 14. Bd3 Nf6 15. c4 O-O 16. a5 Rb8 17. Bd2 Ba8
18. Bc3 Nd7 19. axb6 Qxb6 20. Bc2 Bf6 21. Bxf6 Nxf6 22. Ra3 Rfc8 23. Rb1 Nd7
24. Nd2 Ne5 25. b3 {Stefansson,H (2585)-Smirin,I (2657)/St Petersburg RUS 2010/
1/2-1/2}) 11. Bh6 Bf8 12. Bxf8 Kxf8 13. Nc3 $146 (13. N1d2 Kg7 14. Nc4 e5 15.
c3 Bg4 16. Qe3 Qc7 17. Qb6 Rac8 18. Qxc7 Rxc7 19. Nbd2 Rd8 20. Ne3 Be6 21. Rad1
d5 22. exd5 Nxd5 23. Nxd5 Rxd5 24. Be2 Bf5 25. Bf3 Rd8 26. Ne4 Rxd1 27. Rxd1
Na5 {Hou,Y (2585)-Vachier Lagrave,M (2718)/Villandry 2009/1/2-1/2}) 13... Kg7
14. Rad1 Qc7 (14... e5 $5 $11) 15. f4 $14 Re8 16. Kh1 e5 (16... Bd7 $142 $14)
17. Nd5 (17. Qd2 $142 $16) 17... Nxd5 $15 18. exd5 Nb4 19. f5 Nxd5 20. Qf3 (20.
fxg6 $5 fxg6 21. Bxg6 hxg6 22. Rxd5 $17) 20... Nf4 $19 21. f6+ Kh8 (21... Kxf6
22. g3 Kg7 23. gxf4 $16) 22. Be4 Re6 23. Qg3 (23. Qc3 Qxc3 24. bxc3 $19) 23...
Rxf6 24. Qh4 Kg7 25. g3 Nh5 26. Bf3 Bd7 27. Bxh5 Bc6+ 28. Kg1 Qb6+ 29. Nd4
Rxf1+ 30. Kxf1 exd4 (30... gxh5 31. Nf5+ Kg8 32. Qg5+ Kf8 33. Qe7+ Kg8 34. Nh6+
Kg7 35. Qxf7+ Kxh6 36. Qf6#) 31. Be2 Qxb2 32. Qxd4+ Qxd4 33. Rxd4 Kf6 34. Rf4+
Ke6 35. Bc4+ d5 36. Bd3 a5 37. Ke2 (37. Rh4 Rh8 $19) 37... g5 38. Rd4 Ke5 39.
c3 f5 40. g4 (40. Ke3 $19) 40... f4 0-1

[Event "5. Kings Tournament"]
[Site "Medias ROU"]
[Date "2011.06.20"]
[Round "9"]
[White "Karjakin, Sergey"]
[Black "Ivanchuk, Vassily"]
[Result "1-0"]
[WhiteElo "2776"]
[BlackElo "2776"]
[PlyCount "43"]
[EventDate "2011.06.11"]
[EventType "tourn"]
[EventRounds "10"]
[EventCountry "ROM"]
[EventCategory "21"]
[Source "Mark Crowther"]
[SourceDate "2011.01.03"]

{B09: Pirc-Ufimzew-Verteidigung (Dreibauernangriff)} 1. e4 d6 2. d4 Nf6 3. Nc3
g6 4. f4 Bg7 5. Nf3 O-O 6. Bd3 Na6 7. O-O c5 8. d5 Nc7 9. a4 b6 (9... e6 10.
dxe6 fxe6 11. e5 Nfd5 12. Ne4 Nxf4 13. exd6 Ncd5 14. Bc4 Bxb2 15. Bxb2 Ne3 16.
Qe1 Nxc4 17. Be5 Nd5 18. Bg3 b6 19. Qe2 Ba6 20. Nxc5 bxc5 21. Qxe6+ Kg7 22.
Qxd5 Rf5 23. Qc6 Qc8 24. Qxc8 {Szabo,K (2438)-Azmaiparashvili,Z (2632)/Dresden
2007/1-0}) 10. Qe1 e6 $146 (10... Ba6 11. Nb5 Nxb5 12. axb5 Bb7 13. c4 e6 14.
Qh4 exd5 15. exd5 Nd7 16. Qg3 f5 17. Ng5 Re8 18. Re1 Rxe1+ 19. Qxe1 Nf8 20. Ra3
a6 21. bxa6 Rxa6 22. Rxa6 Bxa6 23. b4 Qf6 24. b5 Bc8 25. Nf3 {Sirotine,K (2387)
-Tseshkovsky,V (2600)/Belorechensk 2005/1/2-1/2}) (10... Na6 $5 $14) 11. dxe6
$16 fxe6 12. e5 Nfd5 13. Ne4 dxe5 (13... Nb4 $142 $5 14. Nxd6 Nxd3 15. cxd3 Ba6
$16) 14. fxe5 $18 Bb7 (14... Nb4 15. Bg5 Nxd3 16. cxd3 $18) 15. Bg5 Qd7 16. Qh4
Nb4 17. Rad1 Qc6 (17... Nxd3 18. Rxd3 Qc6 19. Nf6+ Bxf6 20. exf6 Rf7 $18) 18.
Nf6+ Bxf6 19. Bxg6 hxg6 20. Bxf6 Rxf6 (20... Nxc2 $4 21. Qh8+ Kf7 22. Qh7+ Ke8
23. Qe7#) (20... Qxa4 $4 21. Qh8+ Kf7 22. Qh7+ Ke8 23. Qe7#) 21. exf6 Rf8 22.
Qg5 (22. Qg5 Qe8 23. Ne5 $18) 1-0